000 00314 a2200121 4500
001 147107
040 _cEscola São Tomás de Aquino
100 _aBRANCO, Samuel Murgel
240 1 0 _aIara e a poluição das águas
_lpor
245 1 0 _aIara e a poluição das águas
697 _a*LITERATURA INFANTO
942 _cBK
999 _c147107
_d147107